000 00825nam a22002177a 4500
005 20160908114743.0
010 _aENG-115935
020 _a9780670086351
_c599.00
035 _aB-606031-044
035 _aEN-99467
037 _adpl
_bBlueberry/Ven
037 _bDBAD/PUB
082 _a796.3580954
100 _aGuha, Ramachandra
245 _aA corner of a foreign field :
_cby Ramachandra Guha
_bthe Indian history of a british sport /
260 _aGurgaon
_bPenguin Group
_c2014
270 _a7th Floor, Infinity Tower C, DLF Cyber City
_bGurgaon
_e122002, Haryana, India
300 _a525p.
_c22cm(Hb)
942 _2ddc
_cEN
_h796.3580954
_mGUH
999 _c96112
_d96112